XI Roku 2015 Polskich Piłkarzy (wg Tygodnika "Piłka Nożna") - Statystyki

Ogólne statystyki
  • Ten quiz został rozwiązany 99 razy
  • Średni wynik to 10 z 11
Statystyki odpowiedzi
Pozycja Klub Zawodnik % Poprawnych
PO Dortmund Łukasz Piszczek
99%
N Bayern Robert Lewandowski
99%
N Ajax Arkadiusz Milik
97%
ŚPD Sevilla Grzegorz Krychowiak
97%
PS Dortmund/Fiorentina Jakub Błaszczykowski
95%
ŚO Torino Kamil Glik
95%
BR Swansea Łukasz Fabiański
95%
ŚO Jagiellonia/Legia Michał Pazdan
92%
LS Rennes Kamil Grosicki
89%
LO Terek Maciej Rybus
84%
ŚP Lech Karol Linetty
54%
Nie znaleziono quizów pasujących do podanych kryteriów
Rozkład punktacji
Procent ludzi z każdym wynikiem
Percentyl według liczby udzielonych odpowiedzi
Twoja historia wyników
Nie rozwiązałeś tego quizu